000
00259nam a22001217a 4500
020
_a
0-88022-268-9
082
_a
005.13 FEN
100
_a
FENN DARIEN
_9
79612
245
_a
1-2-3 COMMAND LANGUAGE
260
_a
PDF
_b
PDF
_c
1987
300
_a
527P
942
_c
BK
999
_c
584638
_d
584638